000 00584nam a2200229Ia 4500
003 OSt
005 20220928110802.0
006 a|||||r|||| 00| 0
007 ta
008 220927b |||||||| |||| 00| 0 eng d
024 _a63028
037 _cTextual
040 _aSDCL
_cSDCL
_beng
041 _2eng
_aeng
082 _aP15,10A3:28x1,1, M2
100 _aMuni Yaska
_9420642
245 0 _aNiruktam.
260 _aNew Delhi
_bPanini
_c1982
300 _a530p.
_ccm.
942 _hP15,10A3:28x1,1, M2
_cTEXL
_2CC
999 _c736906
_d736906